| 000 | 00000nam##2200000za#4500 |
| 001 | 9.695796 |
| 003 | CaOODSP |
| 005 | 20210624234735 |
| 007 | cr ||||||||||| |
| 008 | 150407|2010||||xxc|||||o f|0| 0 eng|d |
| 020 | |a978-1-100-20300-3 |
| 040 | |aCaOODSP|beng |
| 043 | |an-cn--- |
| 086 | 1 |aPS4-140/2010E-PDF |
| 110 | 1 |aCanada. |bPublic Safety Canada. |
| 245 | 10|a2009-2010 Evaluation of the Security Infrastructure Program (Pilot) : |h[electronic resource]|bfinal report / |c[by] Evaluation Directorate. |
| 260 | |aOttawa - Ontario : |bPublic Safety Canada |cJune 15, 2010. |
| 300 | |a20p.|bfig., references, tables |
| 590 | |a12-43-Supp|b2012-12-07 |
| 690 | 07|aCrime prevention|2gcpds |
| 690 | 07|aPublic safety|2gcpds |
| 775 | 08|tÉvaluation 2009-2010 du Programme pilote de financement des projets d'infrastructure de sécurité pour les collectivités à risque : |w(CaOODSP)9.639946 |
| 856 | 40|ahttp://publications.gc.ca|qPDF|s171 KB|uhttps://publications.gc.ca/collections/collection_2012/sp-ps/PS4-140-2010-eng.pdf |